Tilastot visalle 10 vähiten väkivaltaista Yhdysvaltain osavaltiota

Klikkaa tästä pelataksesi tätä visaa!

Yleistilastot

  • Tätä visaa on pelattu 31 kertaa
  • Keskiarvotulos 4 / 10

Vastaustilastot

väestöosavaltio% Oikein
1 093 734Rhode Island
68%
733 583Alaska
59%
1 122 867Montana
45%
1 385 340Maine
36%
647 064Vermont
36%
1 018 396Delaware
32%
909 824Etelä-Dakota
32%
1 395 231New Hampshire
32%
779 261Pohjois-Dakota
32%
581 381Wyoming
23%

Tulosjakauma

Persentiili vastausten määrän mukaan

Jokaisen tuloksen saaneiden osuus

Tuloshistoriasi

Et ole pelannut tätä visaa